000 00251nam a22001097a 4500
082 _a920/JOS
100 _aJoshi,Sanjay P.
_983527
245 _aSardar Vallabhbhai Patel
260 _aNew Delhi
_bHawak Prees
_c2022
650 _aBiography
942 _cBK
999 _c68472
_d68472